Zlato: měkký kov, tvrdá měna

Remonetizácia zlata a úpadok papierovej meny. Zlato najlepšie aktívum a merítko kvality papierových peňazí za posledných desať rokov. Prijateľná a obchodovateľná komodita po celom svete. Dopyt investorov po zlate. Riziká pri investíciách do zlata.

Gespeichert in:
Bibliographische Detailangaben
Format: Buchkapitel
Sprache:Tschechisch
Schlagworte:
Tags: Tag hinzufügen
Keine Tags, Fügen Sie das erste Tag hinzu!

MARC

LEADER 00000naa$a2200000$$$4500
001 0117229
005 20231129093612.3
041 0 |a cze 
044 |a CZ 
245 1 0 |a Zlato: měkký kov, tvrdá měna 
520 |a Remonetizácia zlata a úpadok papierovej meny. Zlato najlepšie aktívum a merítko kvality papierových peňazí za posledných desať rokov. Prijateľná a obchodovateľná komodita po celom svete. Dopyt investorov po zlate. Riziká pri investíciách do zlata. 
610 2 0 |a zlato 
610 2 0 |a investície 
610 2 0 |a cena zlata 
610 2 0 |a bankovky 
610 2 0 |a zásoba peňažná 
610 2 0 |a rezervy hmotné 
610 2 0 |a vzťahy peňažné 
610 2 0 |a trh zlata